=LDR 00000nam 2200000 4500 =001 INLIS000000000032418 =005 20221118030817 =035 ##$$a 0010-061300000032418 =008 221118################g##########0#ind## =041 ##$$a ind =082 ##$$a 028.5 =090 ##$$a 025.5, Sir,b =100 ##$$a Siregar,Haekal =245 1#$$a Barmain Dengan si Cerdas Kompi /$c Haekal Siregar;Editor,Abdurrahman =260 ##$$a Jakarta :$b Zikrul kids,$c 2008 =300 ##$$a 48 hlm : $b Ilus ; $c 20 cm =650 #4$$a Bacaan Anak-Anak =700 #$$a Abdurrahman =850 ##$$a NBPNMAT =020 ##$$a 978-979-1168-19-9 =084 ##$$a 028.5 SIR b =990 ##$$a 21002500